Wybierz kraj w Azji - Statystyki

Ogólne statystyki
  • Ten quiz został rozwiązany 67 razy
  • Średni wynik to 30 z 48
Odpowiedzi na mapie
Odpowiedzi zakodowano w zielono-czerwonej skali na mapie do tego quizu, zgodnie z poniższymi procentami.
 
Statystyki odpowiedzi
Odpowiedź % Poprawnych
Chiny
84%
Indonezja
81%
Azerbejdżan
78%
Cypr
78%
Gruzja
75%
Armenia
72%
Indie
72%
Turcja
72%
Afganistan
69%
Arabia Saudyjska
69%
Japonia
69%
Kazachstan
69%
Korea Południowa
69%
Mongolia
69%
Nepal
69%
Zjednoczone Emiraty Arabskie
69%
Bangladesz
66%
Bhutan
66%
Irak
66%
Izrael
66%
Malediwy
66%
Oman
66%
Pakistan
66%
Filipiny
63%
Jemen
63%
Laos
63%
Syria
63%
Tajlandia
63%
Wietnam
63%
Korea Północna
59%
Liban
59%
Singapur
59%
Sri Lanka
59%
Timor Wschodni
59%
Brunei
56%
Iran
56%
Kambodża
56%
Katar
56%
Kirgistan
56%
Malezja
56%
Uzbekistan
56%
Kuwejt
53%
Mjanma
53%
Tajwan
53%
Turkmenistan
53%
Bahrajn
50%
Jordania
50%
Tadżykistan
47%
Nie znaleziono quizów pasujących do podanych kryteriów
Rozkład punktacji
Procent ludzi z każdym wynikiem
Percentyl według liczby udzielonych odpowiedzi
Twoja historia wyników
Nie rozwiązałeś tego quizu